000 00638nam a2200181Ia 4500
003 GCL
008 140319s9999 xx 000 0 ara d
040 _aGCL /
_cGCL
082 0 4 _a813.01
_bم ح
100 1 _aمحمد جبريل
245 1 0 _aحارة اليهود /
_cمحمد جبريل
260 _aالقاهرة :
_bالهيئة العامة لقصور الثقافة ،
_c1999
300 _a180 ص ؛
_c20 سم
490 _aمطبوعات الهيئة العامة لقصور الثقافة
_v38
650 0 4 _aالقصص العربية القصيرة
650 0 4 _aالقصص العربية - مجموعات
942 _2ddc
_cBK
999 _c9534
_d9534